ARRUPE JESUIT UNIVERSITY

CORONAVIRUS -STOP THE SPREAD - CLEAN,DISINFECT,COVER

Russian composers (Record no. 124522)

MARC details
000 -LEADER
fixed length control field 00478nam a22001577a 4500
005 - DATE AND TIME OF LATEST TRANSACTION
control field 20160404114547.0
008 - FIXED-LENGTH DATA ELEMENTS--GENERAL INFORMATION
fixed length control field 160404b xxu||||| |||| 00| 0 eng d
050 ## - LIBRARY OF CONGRESS CALL NUMBER
Classification number ML106.R6A256
100 ## - MAIN ENTRY--PERSONAL NAME
Personal name Afanasyeva, L.
9 (RLIN) 23506
245 ## - TITLE STATEMENT
Title Russian composers
Statement of responsibility, etc by Afanasyeva, L.
260 ## - PUBLICATION, DISTRIBUTION, ETC. (IMPRINT)
Place of publication, distribution, etc Moscow
Name of publisher, distributor, etc Mezhdunarodaya Kniga
Date of publication, distribution, etc no date
300 ## - PHYSICAL DESCRIPTION
Extent no pagination
Dimensions 17cm.
650 ## - SUBJECT ADDED ENTRY--TOPICAL TERM
Topical term or geographic name as entry element Composers
Geographic subdivision Russian
9 (RLIN) 23507
700 ## - ADDED ENTRY--PERSONAL NAME
Personal name Belyaeva, E.
Relator term jt. at.
9 (RLIN) 23508
942 ## - ADDED ENTRY ELEMENTS (KOHA)
Source of classification or shelving scheme Library of Congress Classification
Item type Monograph ( Printed materials)
Holdings
Withdrawn status Lost status Source of classification or shelving scheme Damaged status Not for loan Collection code Home library Current library Shelving location Date acquired Total Checkouts Full call number Barcode Date last seen Price effective from Koha item type
    Library of Congress Classification     Main Collection ARRUPE LIBRARY ARRUPE LIBRARY Main Collection 04/04/2016   ML106.R6A256 46500007109 03/07/2018 04/04/2016 Monograph ( Printed materials)

 

Arrupe Library. PO Box MP320 Mt Pleasant, Harare, Zimbabwe
263 242 745411|librarian@aju.ac.zw